Loading...
| Arts - Painting | 0 | 5 | 0 | 0 | 50 | 120 | 134.80 | 2 | 5 |
| Arts - Other Arts | 1 | 4 | 1 | 0 | 50 | 47 | 93.40 | 4 | 5 |
| Thought - Social Science | 1 | 1 | 0 | 1 | 25 | 48 | 86.50 | 0 | 2 |
| Literature - Euro Lit | 1 | 2 | 2 | 0 | 25 | 44 | 69.67 | 2 | 3 |
| Thought - Philosophy | 0 | 2 | 0 | 2 | 20 | 123 | 125.00 | 0 | 2 |
| Beliefs - Mythology | 0 | 2 | 0 | 1 | 20 | 123 | 129.00 | 1 | 2 |
| Literature - World Lit | 1 | 1 | 1 | 0 | 20 | 70 | 80.50 | 2 | 2 |
| Literature - American Lit | 1 | 2 | 3 | 0 | 20 | 30 | 100.33 | 1 | 3 |
| Other - Pop Culture | 1 | 0 | 0 | 0 | 15 | 51 | 51.00 | 1 | 1 |
| Literature - British Lit | 0 | 2 | 2 | 0 | 10 | 131 | 138.50 | 2 | 2 |
| History - Other History | 0 | 1 | 0 | 0 | 10 | 103 | 103.00 | 0 | 1 |
| History - American History | 0 | 1 | 0 | 0 | 10 | 107 | 107.00 | 0 | 1 |
| Arts - Music | 0 | 1 | 1 | 0 | 5 | 137 | 137.00 | 0 | 1 |
| History - World History | 0 | 0 | 1 | 0 | -5 | 0.00 | 0 | 0 | |
| History - Euro History | 0 | 0 | 1 | 0 | -5 | 0.00 | 0 | 0 |